Southville International School and Colleges
Your cart is empty.
  • Cart
  • Lists
    Public lists Eva Luna New books Lux_list list_1
    Your lists Log in to create your own lists
  • Log in to your account
  • Your cookies
  • Search history
Southville International School and Colleges
  • Advanced search
  • Recent comments
  • Most popular
  • Libraries

Log in to your account

Log in with GOOGLE


If you do not have an external account, but do have a local account, you can still log in:

  1. Home
  2. MARC view: Gregor and the marks of secret /
Normal view MARC view ISBD view

Gregor and the marks of secret / (Record no. 34964)

[ view plain ]
MARC details
000 -LEADER
fixed length control field 01261cam a2200385 a 4500
001 - CONTROL NUMBER
control field 14152277
003 - CONTROL NUMBER IDENTIFIER
control field OSt
005 - DATE AND TIME OF LATEST TRANSACTION
control field 20140310184517.0
008 - FIXED-LENGTH DATA ELEMENTS--GENERAL INFORMATION
fixed length control field 051024s2006 nyu c 000 1 eng
010 ## - LIBRARY OF CONGRESS CONTROL NUMBER
LC control number 2005027969
020 ## - INTERNATIONAL STANDARD BOOK NUMBER
International Standard Book Number 9780439791465
020 ## - INTERNATIONAL STANDARD BOOK NUMBER
International Standard Book Number 0439791464
035 ## - SYSTEM CONTROL NUMBER
System control number (OCoLC)ocm62172584
040 ## - CATALOGING SOURCE
Original cataloging agency DLC
Transcribing agency DLC
Modifying agency IG#
-- BAKER
-- OCO
-- RLS
-- DLC
042 ## - AUTHENTICATION CODE
Authentication code lcac
-- lcac
050 00 - LIBRARY OF CONGRESS CALL NUMBER
Classification number PZ 7
Item number .C6837Gpk 2007
082 00 - DEWEY DECIMAL CLASSIFICATION NUMBER
Classification number [Fic]
100 1# - MAIN ENTRY--PERSONAL NAME
Personal name Collins, Suzanne.
9 (RLIN) 5977
245 10 - TITLE STATEMENT
Title Gregor and the marks of secret /
Statement of responsibility, etc Suzanne Collins.
250 ## - EDITION STATEMENT
Edition statement 1st ed.
260 ## - PUBLICATION, DISTRIBUTION, ETC. (IMPRINT)
Place of publication, distribution, etc New York :
Name of publisher, distributor, etc Scholastic Press,
Date of publication, distribution, etc 2007.
300 ## - PHYSICAL DESCRIPTION
Extent 343 p. ;
Dimensions 22 cm.
490 1# - SERIES STATEMENT
Series statement Underland chronicles ;
Volume number/sequential designation bk. 4
521 ## - TARGET AUDIENCE NOTE
Target audience note
526 ## - STUDY PROGRAM INFORMATION NOTE
Reading level 730
650 #1 - SUBJECT ADDED ENTRY--TOPICAL TERM
Topical term or geographic name as entry element War
Form subdivision Fiction.
9 (RLIN) 29523
650 #1 - SUBJECT ADDED ENTRY--TOPICAL TERM
Topical term or geographic name as entry element Animals
Form subdivision Fiction.
9 (RLIN) 29524
650 #1 - SUBJECT ADDED ENTRY--TOPICAL TERM
Topical term or geographic name as entry element Fantasy.
9 (RLIN) 3293
800 1# - SERIES ADDED ENTRY--PERSONAL NAME
Personal name Collins, Suzanne.
Title of a work Underland chronicles ;
Volume/sequential designation bk. 4.
9 (RLIN) 29525
856 42 - ELECTRONIC LOCATION AND ACCESS
Materials specified Publisher description
Uniform Resource Identifier <a href="http://www.loc.gov/catdir/enhancements/fy1115/2005027969-d.html">http://www.loc.gov/catdir/enhancements/fy1115/2005027969-d.html</a>
906 ## - LOCAL DATA ELEMENT F, LDF (RLIN)
a 7
b cbc
c orignew
d 1
e ecip
f 20
g y-gencatlg
942 ## - ADDED ENTRY ELEMENTS (KOHA)
Source of classification or shelving scheme Library of Congress Classification
Koha item type
Holdings
Withdrawn status Lost status Source of classification or shelving scheme Damaged status Home library Current library Shelving location Date acquired Total Checkouts Full call number Barcode Date last seen Copy number Price effective from Koha item type
    Library of Congress Classification   Luxembourg Library Luxembourg Library Scholastic Reading Center Section 10/16/2013   PZ 7 .C6837Gpk 2007 SCHO0048 04/18/2017 1 10/16/2013 Books

Gregor and the marks of secret /

APA

Collins S., . (2007). Gregor and the marks of secret. New York: Scholastic Press.

Chicago

Collins Suzanne, . 2007. Gregor and the marks of secret. New York: Scholastic Press.

Harvard

Collins S., . (2007). Gregor and the marks of secret. New York: Scholastic Press.

MLA

Collins Suzanne, . Gregor and the marks of secret. New York: Scholastic Press. 2007.

  • Place hold
  • Print
  • Cite
  • Add to your cart (remove)
  • Save record
    BIBTEX Dublin Core MARCXML MARC (non-Unicode/MARC-8) MARC (Unicode/UTF-8) MARC (Unicode/UTF-8, Standard) MODS (XML) RIS
  • More searches
    Search for this title in:
    Other Libraries (WorldCat) Other Databases (Google Scholar) Online Stores (Bookfinder.com) Open Library (openlibrary.org)

Exporting to Dublin Core...

SOUTHVILLE LIBRARY

Southville International School and Colleges Library

1281 Tropical Ave. Cor. Luxembourg St., BF Homes International, Las Pinas City

Tel. No. 8256374 / 252358 Loc. 117/146

Powered by Koha